书目信息 |
| 题名: |
粮油化工产品化学与工艺学
|
|
| 作者: | 谢文磊 主编 | |
| 分册: | ||
| 出版信息: | 北京 科学出版社 1998 |
|
| 页数: | 389 | |
| 开本: | 26cm | |
| 丛书名: | ||
| 单 册: | ||
| 中图分类: | TQ91 | |
| 科图分类: | ||
| 主题词: | 农产品--化学加工 | |
| 电子资源: | ||
| ISBN: | 7-03-007012-7 | |
| 000 | 00551nam0 2200181 450 | |
| 001 | 0754114953 | |
| 005 | 20070929150154.95 | |
| 010 | @a7-03-007012-7 | |
| 100 | @a20070929d km y0chiy0120 ea | |
| 101 | 0 | @achi |
| 200 | 1 | @a粮油化工产品化学与工艺学@Aliang you hua gong chan pin hua xue yu gong yi xue@f谢文磊 主编@Fxie wen lei zhu bian |
| 210 | @a北京@c科学出版社@d1998 | |
| 215 | @a389@c插图@d26cm | |
| 606 | 0 | @a农产品@x化学加工 |
| 690 | @aTQ91@v3 | |
| 701 | 0 | @a谢文磊@Axie wen lei@4主编 |
| 801 | 0 | @aCN@bPFT@c20070929 |
| 905 | @a213230@dTQ91@eh31@f1 | |
| 粮油化工产品化学与工艺学/谢文磊 主编.-北京:科学出版社,1998 |
| 389:插图;26cm |
| ISBN 7-03-007012-7: |
| ● |
| 相关链接 |
|
|
|
|
正题名:粮油化工产品化学与工艺学
索取号:TQ91/h31
 
预约/预借
| 序号 | 登录号 | 条形码 | 馆藏地/架位号 | 状态 | 备注 |
| 1 | 6000580 | 260005808 | 密集书库-化学系/ [索取号:TQ91/h31] | 在馆 |